Οργανική χημεία
Αποθηκεύτηκε σε:
| Κύριος συγγραφέας: | |
|---|---|
| Άλλοι συγγραφείς: | , , , |
| Μορφή: | Βιβλίο |
| Γλώσσα: | Greek English |
| Δημοσίευση: |
Ιωάννινα :
Γραφείο εκτυπώσεων Πανεπιστημίου Ιωαννίνων,
1988-1991.
|
| Θέματα: | |
| Ετικέτες: |
Προσθήκη ετικέτας
Δεν υπάρχουν, Καταχωρήστε ετικέτα πρώτοι!
|
MARC
| LEADER | 00000cam a2200000 i 4500 | ||
|---|---|---|---|
| 001 | 1/105494 | ||
| 008 | 950621m19881991gr | ||| |||| ||gre|| | ||
| 035 | |l 10013693 | ||
| 040 | |a GR-MyUA |b gre |e AACR2 | ||
| 041 | 1 | |a gre |h eng | |
| 082 | 0 | |a 547 | |
| 100 | 1 | |a Morrison, Robert Thornton |d 1918- | |
| 245 | 1 | 0 | |a Οργανική χημεία / |c Robert Thornton Morrison; Robert Neilson Boyd ; μετάφραση Κωνσταντίνος Σακαρέλλος; Γεώργιος Πηλίδης; Ιωάννης Γεροθανάσης. |
| 260 | |a Ιωάννινα : |b Γραφείο εκτυπώσεων Πανεπιστημίου Ιωαννίνων, |c 1988-1991. | ||
| 300 | |a 1350 σ. : |b σχέδια ; | ||
| 650 | 0 | 0 | |a Chemistry, Organic. |
| 700 | 1 | |a Boyd, Robert Neilson. | |
| 700 | 1 | |a Σακαρέλλος, Κωνσταντίνος, |e trl | |
| 700 | 1 | |a Πηλίδης, Γεώργιος, |e trl | |
| 700 | 1 | |a Γεροθανάσης, Ιωάννης, |e trl | |
| 765 | 0 | 8 | |i Μετάφραση του: |t Organic chemistry / |
| 852 | |a INST |b LESVOS |e 19950621 |h 547 MOR |p 005100005895 |q 005100005895 |t BK |y 0 |z v.1 | ||
| 852 | |a INST |b LESVOS |e 19950621 |h 547 MOR |p 005100005896 |q 005100005896 |t BK |y 0 |z v.2 | ||
| 852 | |a INST |b LESVOS |e 19950621 |h 547 MOR |p 005100005897 |q 005100005897 |t BK |y 0 |z v.3 | ||
| 852 | |a INST |b LESVOS |e 19950621 |h 547 MOR |p 005100005898 |q 005100005898 |t BK |y 0 |z v.2 | ||
| 852 | |a INST |b LESVOS |e 19950621 |h 547 MOR |p 005100005899 |q 005100005899 |t BK |y 0 |z v.1 | ||
| 852 | |a INST |b LESVOS |e 19950621 |h 547 MOR |p 005100005900 |q 005100005900 |t BK |y 0 |z v.3 | ||
| 852 | |a INST |b LESVOS |e 19950621 |h 547 MOR |p 005100005895 |q 005100005895 |t BK |v v.1: |y 0 |z v.1 | ||
| 852 | |a INST |b LESVOS |e 19950621 |h 547 MOR |p 005100005896 |q 005100005896 |t BK |v v.2: |y 0 |z v.2 | ||
| 852 | |a INST |b LESVOS |e 19950621 |h 547 MOR |p 005100005897 |q 005100005897 |t BK |v v.3: |y 0 |z v.3 | ||
| 852 | |a INST |b LESVOS |e 19950621 |h 547 MOR |p 005100005898 |q 005100005898 |t BK |v v.2: |y 0 |z v.2 | ||
| 852 | |a INST |b LESVOS |e 19950621 |h 547 MOR |p 005100005899 |q 005100005899 |t BK |v v.1: |y 0 |z v.1 | ||
| 852 | |a INST |b LESVOS |e 19950621 |h 547 MOR |p 005100005900 |q 005100005900 |t BK |v v.3: |y 0 |z v.3 | ||
| 853 | |a INST |b LESVOS |h 547 MOR | ||
| 909 | |a Λ |b 021260 | ||
| 909 | |a Λ |b 021261 | ||
| 909 | |a Λ |b 021262 | ||
| 909 | |a Λ |b 021264 | ||
| 909 | |a Λ |b 021265 | ||
| 909 | |a Λ |b 021268 | ||